SELECTED JUDGEMENTS ON PROFESSIONAL ETHICS [Vol-1] (Record no. 7425)

MARC details
000 -LEADER
fixed length control field 00403nam a22001457a 4500
005 - DATE AND TIME OF LATEST TRANSACTION
control field 20200710145800.0
008 - FIXED-LENGTH DATA ELEMENTS--GENERAL INFORMATION
fixed length control field 200710b xxu||||| |||| 00| 0 eng d
082 ## - DEWEY DECIMAL CLASSIFICATION NUMBER
Classification number 348.96 JHA-S
100 ## - MAIN ENTRY--AUTHOR NAME
Personal name JHA, SHRI RAM CHANDRA
245 ## - TITLE STATEMENT
Title SELECTED JUDGEMENTS ON PROFESSIONAL ETHICS [Vol-1]
260 ## - PUBLICATION, DISTRIBUTION, ETC. (IMPRINT)
Place of publication NEW DELHI
Name of publisher BAR COUNCIL OF INDIA TRUST
Year of publication 2019
300 ## - PHYSICAL DESCRIPTION
Number of Pages 617p.
650 ## - SUBJECT ADDED ENTRY--TOPICAL TERM
Topical Term LAW
942 ## - ADDED ENTRY ELEMENTS (KOHA)
Koha item type Journals/Serial
Holdings
Lost status Damaged status Collection code Home library Current library Shelving location Date acquired Source of acquisition Cost, normal purchase price Full call number Accession Number Koha item type
    LAW JRU Library   SHELF-33-B 22/07/2020 PURCHASE 2000.00 348.96 JHA-S 25120 Journals/Serial
    LAW JRU Library   SHELF-33-B 22/07/2020 PURCHASE 2000.00 348.96 JHA-S 25121 Journals/Serial
    LAW JRU Library   SHELF-33-B 22/07/2020 PURCHASE 2000.00 348.96 JHA-S 25122 Journals/Serial
    LAW JRU Library JRU Library SHELF-33-B 22/07/2020 PURCHASE 2000.00 348.96 JHA-S 25123 Journals/Serial
    LAW JRU Library   SHELF-33-B 22/07/2020 PURCHASE 2000.00 348.96 JHA-S 25124 Journals/Serial
    LAW JRU Library   SHELF-33-B 22/07/2020 PURCHASE 2000.00 348.96 JHA-S 25125 Journals/Serial
    LAW JRU Library   SHELF-33-B 22/07/2020 PURCHASE 2000.00 348.96 JHA-S 25126 Journals/Serial
    LAW JRU Library   SHELF-33-B 22/07/2020 PURCHASE 2000.00 348.96 JHA-S 25127 Journals/Serial
    LAW JRU Library   SHELF-33-B 22/07/2020 PURCHASE 2000.00 348.96 JHA-S 25128 Journals/Serial
    LAW JRU Library   SHELF-33-B 22/07/2020 PURCHASE 2000.00 348.96 JHA-S 25129 Journals/Serial